000 00484nam a2200157 a 4500
001 000031861
005 20200930063234.0
008 110706s2010 dr 000 0 spa d
040 _aDO-SdBNP
_bspa
_cBNPHU
082 _axxx
110 _aPartido V República
_958021
245 1 0 _aV república :
_buna justificación histórica /
_cPartido V República.
260 _aSanto Domingo :
_bPartido V República la nación ante todo/,
_c2010.
300 _a46 p. ;
_c22 cm.
049 _aBNGR
999 _c31353
_d31353